000 00412nam a2200133Ia 4500
008 100328s9999 xx 000 0 und d
082 _b10027
100 _aसाठे शं.गो.
245 _aस्वप्नीचे ान हे
260 _bपॉप्युलर
630 _aस्वप्नीचे ान हे
730 _aस्वप्नीचे ान हे
942 _cBOOK
999 _c505575
_d505572